000 01230nam a2200289 c 4500
003 BLK
005 20240322155239.0
008 180411b bul|||||r ||||||| ||bul||
020 _a9789544113315
040 _aBLK
041 _aBUL
_cBUL
080 _aБългарска литература
_b821.163.2
_z821.163.2-94
100 _aЕшкенази, Лика Яко
_9491383
139 _bЕ 99
245 1 0 _aПесента на гугутките
_bневероятната история на една жена, белязана от музика, синдрома на Даун и много майчина любов
_cЛика Ешкенази, Иво Спиров ; под ред. на Исак Гозес
257 _aBGR
260 _bФакел
_c2023
_9209592
_aСофия
_n978-954-411-
300 _a215, XVI с. : ил., портр.
_c20 см
380 _aX
500 _aПриятелите: с. 195-214 Биогр. данни за авт. отбелязани на гърба на кор.
700 _9389379
_aГозес, Исак Хаим
856 4 _qpdf
856 4 _qpdf
942 _cKNG
_n0
_s1
_01
999 _c505408
_d505408
999 _d443321
944 _a30545
_cНора Радева
_k30531
_lЦветелина Шанова